000 00715nam a2200253Ia 4500
003 OSt
005 20221007104512.0
006 a|||||r|||| 00| 0
007 ta
008 221006b |||||||| |||| 00| 0 eng d
024 _a16,013
037 _cTextual
040 _aLCO
_cLCO
_beng
041 _2eng
_aeng
082 _aZ2,7,41, N6
100 _aChaturvedi A.N.
_9681607
245 0 _aPrinciples and Forms of Pleadings and Conveyancing with Advocacy and Professional Ethics
250 _a8th
260 _aAllahabad
_bAllahabad Law Agency India
_c1996
300 _a424
650 _aPLEADINGS
_9684556
942 _hZ2,7,41, N6
_cTEXL
999 _c1185576
_d1185576